[Event "DEN-ch Seniors 65"]
[Site "Randers"]
[Date "2015.02.13"]
[Round "7"]
[White "Villadsen, Ole Skadborg"]
[Black "Fjordside, Arne Dan"]
[Result "0-1"]
[WhiteElo "1807"]
[BlackElo "1870"]
[PlyCount "106"]
[EventDate "2015.02.07"]
[EventType "swiss"]
[EventRounds "7"]
[EventCountry "DEN"]
[SourceTitle "EXT 2016"]
[Source "ChessBase"]
[SourceDate "2015.10.08"]
[SourceVersion "1"]
[SourceVersionDate "2015.10.08"]
[SourceQuality "1"]

1. c4 Nf6 2. Nc3 d6 3. d4 Nbd7 4. e4 e5 5. d5 Nc5 6. f3 a5 7. Be3 Na6 8. Bd3 c6 9. Nge2 Be7 10. 0-0 0-0 11. Rc1 Nd7 12. a3 Qe8 13. Ng3 Rb8 14. Qe1 Bh4 15. Bf2 Bg5 16. Rd1 g6 17. Bc2 c5 18. Nge2 Nf6 19. Nb5 Qd8 20. h4 Bh6 21. g4 Nxg4 22. fxg4 Bxg4 23. Kh2 Qd7 24. Bg3 f5 25. exf5 gxf5 26. Rd3 Rbe8 27. Rb3 f4 28. Bf2 e4 29. Rg1 Kh8 30. Nxd6 Bxe2 31. Nxe8 Rxe8 32. Qc3+ Bg7 33. Qh3 Qxh3+ 34. Kxh3 Bxc4 35. Rxb7 Bf6 36. d6 Bd5 37. Rb6 Nb8 38. Ba4 Be6+ 39. Kh2 e3 40. Bxe8 exf2 41. Rf1 Bxh4 42. Bh5 Nd7 43. Rb7 Kg7 44. Bf3 Kf6 45. Kg2 h6 46. Rh1 Kg5 47. Rxh4 Kxh4 48. Kxf2 Kg5 49. b4 axb4 50. axb4 cxb4 51. Rxb4 Ne5 52. Ke2 h5 53. Rb5 Bc4+ 0-1

[Event "DEN-ch Seniors 65"]
[Site "Randers"]
[Date "2015.02.12"]
[Round "6"]
[White "Madsen, Svend Aage"]
[Black "Villadsen, Ole Skadborg"]
[Result "1-0"]
[WhiteElo "2086"]
[BlackElo "1807"]
[PlyCount "109"]
[EventDate "2015.02.07"]
[EventType "swiss"]
[EventRounds "7"]
[EventCountry "DEN"]
[SourceTitle "EXT 2016"]
[Source "ChessBase"]
[SourceDate "2015.10.08"]
[SourceVersion "1"]
[SourceVersionDate "2015.10.08"]
[SourceQuality "1"]

1. e4 c5 2. Nf3 d6 3. c3 Nf6 4. Qc2 Bg4 5. d4 Bxf3 6. gxf3 cxd4 7. cxd4 e6 8. Rg1 g6 9. Nc3 a6 10. Be3 d5 11. Bd3 Nc6 12. a3 dxe4 13. fxe4 Nxd4 14. Qa4+ Nc6 15. 0-0-0 Qc7 16. f4 Nd7 17. e5 Bc5 18. Rge1 Bxe3+ 19. Rxe3 Nc5 20. Qc2 Rd8 21. Kb1 Nxd3 22. Rexd3 0-0 23. Ne4 Rxd3 24. Rxd3 Rd8 25. Nd6 Qb6 26. Rb3 Qg1+ 27. Ka2 Nd4 28. Qc7 Rf8 29. Rxb7 Nb5 30. Qd7 Qd4 31. Nxf7 Qd5+ 32. Qxd5 exd5 33. e6 Re8 34. Nh6+ Kh8 35. Rb6 Nc7 36. Rc6 Nxe6 37. Rxa6 Nxf4 38. Rf6 Re4 39. Rf7 d4 40. Kb3 Ne6 41. Rf2 Rh4 42. Nf7+ Kg7 43. Nd6 Rh3+ 44. Kc4 d3 45. Ne4 Re3 46. Nc3 g5 47. a4 Nf4 48. Rd2 Kf6 49. a5 h5 50. b4 g4 51. a6 Re7 52. b5 Rc7+ 53. Kb4 Ke6 54. b6 Rc6 55. b7 1-0

[Event "DEN-ch Seniors 65"]
[Site "Randers"]
[Date "2015.02.07"]
[Round "1"]
[White "Villadsen, Ole Skadborg"]
[Black "Pedersen, Borge"]
[Result "0-1"]
[WhiteElo "1807"]
[BlackElo "2088"]
[PlyCount "62"]
[EventDate "2015.02.07"]
[EventType "swiss"]
[EventRounds "7"]
[EventCountry "DEN"]
[SourceTitle "EXT 2016"]
[Source "ChessBase"]
[SourceDate "2015.10.08"]
[SourceVersion "1"]
[SourceVersionDate "2015.10.08"]
[SourceQuality "1"]

1. Nf3 f5 2. d4 Nf6 3. g3 g6 4. c4 Bg7 5. Bg2 0-0 6. 0-0 d6 7. Nc3 c6 8. Re1 Qc7 9. Bg5 e5 10. Bxf6 Bxf6 11. dxe5 dxe5 12. e4 Be6 13. Qe2 Nd7 14. Rac1 Rae8 15. b4 f4 16. Red1 g5 17. Ne1 g4 18. f3 h5 19. Nd5 cxd5 20. cxd5 Qb6+ 21. Kh1 Bf7 22. fxg4 Bg7 23. gxh5 fxg3 24. hxg3 Qh6 25. g4 Nf6 26. Bf3 Nh7 27. Rc3 Rc8 28. Qc2 Rxc3 29. Qxc3 Ng5 30. Bg2 Bxh5 31. gxh5 Qxh5+ 0-1